| 000 | 00476nam a2200169Ia 4500 | ||
|---|---|---|---|
| 999 |
_c27103 _d27103 |
||
| 003 | OSt | ||
| 005 | 20210105091800.0 | ||
| 008 | 190216s9999||||xx |||||||||||||| ||und|| | ||
| 040 | _coclc | ||
| 082 |
_a894.812301 _bCHA/L |
||
| 100 |
_aChandran, D Vinaya _97183 |
||
| 245 | 0 |
_aLoka Katha 2 / _cD Vinaya Chandran |
|
| 260 |
_bFocus Books, _aTrivandrum: |
||
| 300 | _a95p | ||
| 650 | _aKathakal | ||
| 942 |
_cBK _2ddc _h894.812301 _iCHA/L _k894.812301 _mCHA/L |
||